000 00787nam a22001815i 4500
001 53973
003 ES-MaACL
005 20250907063043.0
007 t|
008 960710s1897 sp ||||1| spa d
040 _aCAM
_bspa
_cCAM
100 1 _aFernández Villaverde, Raimundo,
_d1848-1905
_950163
245 1 0 _aInforme pronunciado ante el Tribunal Contencioso-administrativo : [en pleito sobre] concierto con los fabricantes para el pago del impuesto de polvoras y mezclas explosivas y Sentencia dictada en este pleito administrativo /
_cpor el letrado D. Raimundo Fernández Villaverde...
260 _aMadrid :
_b[s.n.],
_c1897 (
_fEstablecimiento tipográfico de Enrique Teodoro)
300 _a98 p. ;
_c29 cm.
852 _aES-MaACL
_jT-782-F-8
999 _c53973
_d53973